Wszyscy zawodnicy którzy wygrywali rundy cyklu GP! - Statystyki

Ogólne statystyki
  • Ten quiz został rozwiązany 563 razy
  • Średni wynik to 26 z 45
Statystyki odpowiedzi
Liczba wygranych turniejów Zawodnik % Poprawnych
18 Bartosz Zmarzlik
99%
22 Tomasz Gollob
91%
8 Maciej Janowski
85%
11 Tai Woffinden
85%
5 Chris Holder
83%
3 Patryk Dudek
83%
6 Artem Laguta
82%
17 Nicki Pedersen
80%
6 Jason Doyle
78%
5 Fredrik Lindgren
77%
21 Greg Hancock
77%
23 Jason Crump
73%
3 Leon Madsen
73%
5 Martin Vaculik
73%
6 Jarosław Hampel
72%
20 Tony Rickardsson
71%
3 Krzysztof Kasprzak
68%
1 Piotr Pawlicki
65%
1 Bjarne Pedersen
64%
1 Janusz Kołodziej
64%
2 Daniel Bewley
62%
1 Anders Thomsen
59%
2 Max Fricke
57%
7 Emil Sajfutdinow
56%
5 Matej Zagar
56%
8 Leigh Adams
51%
1 Michael Jepsen Jensen
51%
1 Darcy Ward
49%
2 Rune Holta
49%
9 Andreas Jonsson
48%
5 Niels Kristian Iversen
48%
1 Adrian Miedziński
47%
6 Hans Nielsen
44%
4 Ryan Sullivan
39%
6 Billy Hamill
38%
1 Chris Harris
37%
1 Kenneth Bjerre
36%
1 Martin Smolinski
36%
2 Mark Loram
35%
3 Antonio Lindbaeck
32%
4 Hans Andersen
27%
1 Brian Andersen
25%
2 Peter Kildemand
21%
3 Tommy Knudsen
16%
1 Martin Dugard
12%
Nie znaleziono quizów pasujących do podanych kryteriów
Rozkład punktacji
Procent ludzi z każdym wynikiem
Percentyl według liczby udzielonych odpowiedzi
Twoja historia wyników
Nie rozwiązałeś tego quizu